[Event "Tournoi Skype 025B"]
[Site "Skype"]
[Date "????.??.??"]
[Round "5.10"]
[White "De Coninck, Philippe"]
[Black "Torres, Vicky"]
[Result "1/2-1/2"]
[WhiteElo "1354"]
[BlackElo "1276"]
[PlyCount "101"]

1. e4 c5 2. Nf3 a6 3. d4 cxd4 4. Nxd4 e5 5. Nf3 Nc6 6. Bc4 Nf6 7. Nc3 Be7 8. h4
O-O 9. O-O d6 10. Bg5 b5 11. Bxf6 Bxf6 12. Nd5 bxc4 13. Nxf6+ Qxf6 14. Qd5 Bb7
15. Rad1 Rad8 16. Qxc4 Ne7 17. Rd2 d5 18. Qc7 Ba8 19. Rfd1 d4 20. Qxe5 Qxe5 21.
Nxe5 Bxe4 22. f3 Bg6 23. Nxg6 fxg6 24. Rxd4 Rc8 25. c3 Nf5 26. Re4 Ng3 27. Re6
Rc4 28. Kf2 Nf5 29. g3 Kf7 30. Rxa6 Ne7 31. Rd4 Rc6 32. Rxc6 Nxc6 33. Rd7+ Ne7
34. Ke3 Ke8 35. Rb7 Nf5+ 36. Kf4 Nxh4+ 37. Kg4 Nxf3 38. Rb8+ Kf7 39. Rxf8+ Kxf8
40. Kxf3 Ke7 41. Ke4 Kd6 42. c4 Kc5 43. Ke5 h5 44. Kf4 Kxc4 45. b3+ Kb4 46. Ke5
g5 47. Kf5 h4 48. gxh4 gxh4 49. Kg4 g5 50. a4 Ka5 51. Kh3 1/2-1/2

[Event "Tournoi Skype 025B"]
[Site "Skype"]
[Date "????.??.??"]
[Round "5.12"]
[White "Couto, Januario"]
[Black "Rodriguez, Nathalie"]
[Result "1-0"]
[WhiteElo "1433"]
[BlackElo "1319"]
[PlyCount "77"]

1. e4 e5 2. Nf3 Nc6 3. Bc4 Nf6 4. Ng5 d5 5. exd5 Nxd5 6. Nxf7 Kxf7 7. Qf3+ Ke6
8. Nc3 Nd4 9. Qxd5+ Qxd5 10. Bxd5+ Kd6 11. Be4 c6 12. b3 Be7 13. Ba3+ Kd7 14.
Bxe7 Kxe7 15. O-O g6 16. Rfe1 Bf5 17. Rac1 Kd6 18. d3 Rhf8 19. f3 a6 20. Bxf5
Rxf5 21. Ne4+ Ke6 22. c3 Nb5 23. d4 Nc7 24. Nc5+ Kd6 25. Nxb7+ Ke6 26. dxe5
Rxe5 27. Nc5+ Kd6 28. Rcd1+ Nd5 29. Ne4+ Ke6 30. c4 Nc7 31. Rd6+ Ke7 32. Rxc6
Ne8 33. Rc5 Re6 34. Rd5 Nf6 35. Rd4 Rf8 36. Kf2 Rd6 37. Nxf6+ Re6 38. Nd5+ Kd6
39. Nf4+ 1-0

[Event "Tournoi Skype 025B"]
[Site "Skype"]
[Date "????.??.??"]
[Round "5.13"]
[White "Hernandez Lopez, Joaquin"]
[Black "Lucena Vaz, Jose"]
[Result "0-1"]
[WhiteElo "1207"]
[BlackElo "1430"]
[PlyCount "72"]

1. d4 Nf6 2. Nf3 g6 3. e3 Bg7 4. Bd3 O-O 5. O-O Re8 6. Re1 d6 7. h3 Nbd7 8. c3
c5 9. b3 Qc7 10. Nbd2 cxd4 11. cxd4 e5 12. Bb2 e4 13. Nxe4 Nxe4 14. Rc1 Qa5 15.
a4 Nec5 16. Bc4 Qd8 17. b4 Ne4 18. Qc2 Ndf6 19. Bd3 d5 20. Nd2 Nxd2 21. Qxd2
Bd7 22. a5 a6 23. Rc3 Rc8 24. Rec1 Rxc3 25. Rxc3 Bc6 26. Qe2 Qd6 27. Ba3 Qd7
28. Rc5 Nh5 29. b5 axb5 30. Bxb5 Bxd4 31. Bxc6 bxc6 32. Qg4 Qxg4 33. hxg4 Bxc5
34. Bxc5 Nf6 35. g5 Ne4 36. Bb6 Nxg5 0-1

[Event "Tournoi Skype 025B"]
[Site "Skype"]
[Date "????.??.??"]
[Round "5.14"]
[White "Vincent, Andre"]
[Black "Duthoit, Bernard"]
[Result "1-0"]
[WhiteElo "1273"]
[BlackElo "1422"]
[PlyCount "79"]

1. c4 c5 2. g3 Nc6 3. Nf3 b6 4. Bg2 Bb7 5. O-O e6 6. d4 cxd4 7. Nxd4 Nxd4 8.
Bxb7 Rb8 9. Ba6 Nc6 10. Bf4 e5 11. Bd2 Bb4 12. Bxb4 Nxb4 13. Qa4 Nxa6 14. Qxa6
Qc7 15. Nc3 Nf6 16. Rac1 O-O 17. Rfd1 Qb7 18. Qxb7 Rxb7 19. e4 a6 20. a4 Rc7
21. Nd5 Nxd5 22. Rxd5 f6 23. b3 Kf7 24. Rcd1 Ke6 25. Rd6+ Ke7 26. Rxb6 Ra8 27.
Rdd6 a5 28. g4 h6 29. h4 Rb8 30. Rxd7+ Kxd7 31. Rxb8 Rc8 32. Rxc8 Kxc8 33. h5
Kc7 34. Kf1 Kc6 35. Ke2 Kc5 36. Kd3 Kb4 37. Kc2 Kc5 38. Kc3 Kc6 39. b4 axb4+
40. Kxb4 1-0

[Event "Tournoi Skype 025B"]
[Site "Skype"]
[Date "????.??.??"]
[Round "5.16"]
[White "Khatanhar, Mohit"]
[Black "Hernandez, George"]
[Result "0-1"]
[WhiteElo "1194"]
[BlackElo "1334"]
[PlyCount "40"]

1. Nf3 Nf6 2. Nc3 Nc6 3. e4 e5 4. d3 Bc5 5. h3 d5 6. exd5 Nxd5 7. Nxd5 Qxd5 8.
Be2 Nd4 9. Bd2 Bf5 10. O-O O-O-O 11. c3 Nxe2+ 12. Qxe2 Bxd3 13. Qxe5 Qxe5 14.
Nxe5 Bxf1 15. Nxf7 Rxd2 16. Nxh8 Bc4 17. b3 Bd5 18. c4 Bc6 19. Nf7 Rxf2 20. Rd1
Rd2+ 0-1

[Event "Tournoi Skype 025B"]
[Site "Skype"]
[Date "????.??.??"]
[Round "5.17"]
[White "Yilmazer, Seher"]
[Black "Franco, Yolima"]
[Result "1-0"]
[WhiteElo "1241"]
[BlackElo "1574"]
[PlyCount "34"]

1. d4 d5 2. c4 c6 3. cxd5 cxd5 4. Nc3 Nc6 5. e4 dxe4 6. d5 Ne5 7. Nxe4 Bf5 8.
Qa4+ Nd7 9. Bd3 Qc7 10. Ne2 Rb8 11. Bf4 Qc8 12. Rc1 Qd8 13. Bc7 Qc8 14. Ba5
Ngf6 15. Nxf6+ exf6 16. Rxc8+ Rxc8 17. Bxf5 Rc6 1-0

[Event "Tournoi Skype 025B"]
[Site "Skype"]
[Date "????.??.??"]
[Round "5.18"]
[White "Perez, Luis Horacio"]
[Black "Codina, Teresa"]
[Result "1-0"]
[WhiteElo "1397"]
[BlackElo "1195"]
[PlyCount "49"]

1. Nf3 d5 2. d4 Nf6 3. e3 c6 4. c4 Bg4 5. Be2 e6 6. a3 Bd6 7. h3 Bxf3 8. Bxf3
O-O 9. O-O Nbd7 10. Nd2 c5 11. cxd5 exd5 12. b3 Re8 13. Bb2 Ne4 14. Qc2 Ndf6
15. Rfe1 Rc8 16. Nf1 h6 17. Qd3 a6 18. dxc5 Nxc5 19. Qe2 Nxb3 20. Rad1 Qa5 21.
Bxf6 gxf6 22. Bxd5 Nc5 23. Qg4+ Kf8 24. Qh5 Nd7 25. Qxf7# 1-0

[Event "Tournoi Skype 025B"]
[Site "Skype"]
[Date "????.??.??"]
[Round "5.19"]
[White "Mendoza Lainez, Ricardo Jose"]
[Black "Borg, Anthony"]
[Result "1-0"]
[WhiteElo "1206"]
[BlackElo "1348"]
[PlyCount "31"]

1. e4 Nc6 2. Bc4 e6 3. Nc3 Nf6 4. f4 d6 5. Nf3 Nh5 6. d3 g6 7. f5 exf5 8. Bg5
Be7 9. Qd2 fxe4 10. Bxf7+ Kxf7 11. dxe4 Re8 12. Rf1 Kg8 13. Qd5+ Kf8 14. Bh6+
Ng7 15. Ng5+ Bf6 16. Qf7# 1-0

[Event "Tournoi Skype 025B"]
[Site "Skype"]
[Date "????.??.??"]
[Round "5.20"]
[White "Sanchez, Pedro"]
[Black "Castellar, Juarez Iorio"]
[Result "0-1"]
[WhiteElo "1193"]
[BlackElo "1298"]
[PlyCount "98"]

1. e4 c5 2. d4 cxd4 3. e5 d6 4. Qxd4 Nc6 5. Bb5 Bd7 6. Bxc6 Bxc6 7. Nf3 dxe5 8.
Qxe5 Qd6 9. Qf5 Rd8 10. O-O g6 11. Qd3 Qxd3 12. cxd3 Bxf3 13. gxf3 Rxd3 14. Nd2
Bh6 15. Rd1 Nf6 16. b4 O-O 17. a4 Rfd8 18. b5 Bxd2 19. Bxd2 Rxd2 20. Rxd2 Rxd2
21. a5 Rb2 22. a6 Rxb5 23. f4 b6 24. Rc1 Rc5 25. Re1 e6 26. Rd1 Nd5 27. f5 gxf5
28. Kh1 Kh8 29. h4 Rc4 30. Kg2 Rxh4 31. Rc1 Ra4 32. Rc8+ Kg7 33. Ra8 Rxa6 34.
Rc8 Ra2 35. Kf3 Ra3+ 36. Ke2 Nf4+ 37. Kd1 Nh3 38. Rc2 a6 39. Kc1 h5 40. Kb2 Rf3
41. Rc6 Nxf2 42. Rxb6 Nd3+ 43. Kc2 Nc5 44. Rc6 Ne4 45. Rxa6 h4 46. Kd1 Rf2 47.
Ke1 h3 48. Ra4 Rb2 49. Rd4 h2 0-1

[Event "Tournoi Skype 025B"]
[Site "Skype"]
[Date "????.??.??"]
[Round "5.21"]
[White "Erten, Ozlem"]
[Black "Chavez, Isidro"]
[Result "0-1"]
[WhiteElo "1290"]
[BlackElo "1189"]
[PlyCount "60"]

1. d4 Nf6 2. c4 Nc6 3. Nf3 d6 4. Nc3 Bf5 5. e3 e6 6. Bd3 Bg6 7. Bxg6 hxg6 8. e4
Be7 9. e5 dxe5 10. dxe5 Qxd1+ 11. Nxd1 Ne4 12. O-O O-O-O 13. Be3 Nb4 14. Bxa7
b6 15. a4 Nd3 16. a5 Kb7 17. axb6 cxb6 18. Nc3 Nxc3 19. bxc3 Ra8 20. Bxb6 Kxb6
21. Rab1+ Kc5 22. Rfd1 Kxc4 23. Rb7 Bc5 24. Rf1 Ra2 25. Rxf7 Nxf2 26. Ng5 Nh3+
27. Kh1 Nxg5 28. Rxg7 Rh6 29. Rg8 Ne4 30. Re8 Ng3# 0-1

[Event "Tournoi Skype 025B"]
[Site "Skype"]
[Date "????.??.??"]
[Round "5.22"]
[White "Conde, Carmen"]
[Black "Ruiz Gomez, Luz Alba"]
[Result "1-0"]
[WhiteElo "1183"]
[BlackElo "1279"]
[PlyCount "75"]

1. Nf3 d5 2. d4 Nf6 3. Bf4 e6 4. h3 Nbd7 5. e3 Bd6 6. Bg5 O-O 7. Bd3 h6 8. Bh4
b6 9. Nc3 Bb4 10. O-O a6 11. a3 Be7 12. Bg3 Bb7 13. b4 Bd6 14. Bh4 b5 15. Ne2
Re8 16. c3 e5 17. Qc2 e4 18. Bxe4 dxe4 19. Nd2 Bd5 20. Rae1 Nf8 21. Ng3 Bxg3
22. fxg3 Ng6 23. Rf5 Nxh4 24. gxh4 c6 25. Nf1 Nd7 26. Qf2 Nf6 27. h5 Be6 28.
Rf4 Bd5 29. Ng3 Be6 30. Rf1 Rf8 31. Nxe4 Nxe4 32. Rxe4 Qd7 33. Qg3 Bf5 34. Ref4
Be6 35. Rf6 Kh8 36. e4 gxf6 37. Rxf6 Rg8 38. Rxh6# 1-0

[Event "Tournoi Skype 025B"]
[Site "Skype"]
[Date "????.??.??"]
[Round "5.23"]
[White "Bustos, Ricardo"]
[Black "Almiron, Patricia"]
[Result "1-0"]
[WhiteElo "1174"]
[BlackElo "1270"]
[PlyCount "103"]

1. d4 d5 2. c4 e6 3. cxd5 exd5 4. Nc3 Be7 5. Nf3 Qd6 6. e3 h5 7. Nb5 Qc6 8. Ne5
Qb6 9. Qc2 Na6 10. a3 Bf6 11. Nf3 Bg4 12. Be2 g6 13. Qa4 O-O-O 14. O-O Ne7 15.
Bd2 Kb8 16. Ba5 Qe6 17. Rac1 Nf5 18. Bxc7+ Nxc7 19. Nxc7 Qe7 20. Qb3 Rc8 21.
Nxd5 Qe6 22. h3 Rxc1 23. Rxc1 Bxf3 24. Bxf3 Rd8 25. Qb5 Nxd4 26. exd4 Bxd4 27.
Ne3 b6 28. Qe2 Rc8 29. Rxc8+ Qxc8 30. Qd2 Be5 31. b4 Qc7 32. g3 h4 33. Qd5 Qc1+
34. Qd1 Qc7 35. Qd5 Kc8 36. Qa8+ Kd7 37. Qd5+ Ke7 38. Qb7 f5 39. Qxc7+ Bxc7 40.
gxh4 Bd6 41. Nd5+ Ke6 42. Kg2 a5 43. Nxb6 axb4 44. axb4 Bxb4 45. Nd5 Bd2 46.
Ne3 Ke7 47. Kg3 Bc1 48. Kf4 Bb2 49. Kg5 Bf6+ 50. Kxg6 Bxh4 51. Nxf5+ Kf8 52.
Nxh4 1-0

[Event "Tournoi Skype 025B"]
[Site "Skype"]
[Date "????.??.??"]
[Round "5.24"]
[White "Rosenkoetter, David"]
[Black "Cengiz, Ali Ekber"]
[Result "1-0"]
[WhiteElo "1270"]
[BlackElo "1147"]
[PlyCount "65"]

1. e4 e5 2. Nf3 Nc6 3. Bc4 h6 4. c3 Nf6 5. d3 Bc5 6. O-O d6 7. h3 O-O 8. Nbd2
Ne7 9. Ne1 Ng6 10. Ndf3 Bd7 11. d4 exd4 12. cxd4 Bb6 13. Bd3 Re8 14. Qe2 a6 15.
b3 c5 16. dxc5 Bxc5 17. Bb2 Nf4 18. Qc2 Rc8 19. Qd2 N6h5 20. Kh2 Bc6 21. Ng1 d5
22. g3 Nxd3 23. Nxd3 dxe4 24. Qe2 exd3 25. Qxh5 d2 26. Qxc5 Bg2 27. Qh5 Bxf1
28. Rxf1 d1=Q 29. Rxd1 Qxd1 30. Qxd1 Red8 31. Qg4 g5 32. Qh5 Rc1 33. Qxh6 1-0

[Event "Tournoi Skype 025B"]
[Site "Skype"]
[Date "????.??.??"]
[Round "5.25"]
[White "Ramirez, Luis Antonio"]
[Black "Battaglia, Gabriele"]
[Result "0-1"]
[WhiteElo "1000"]
[BlackElo "1248"]
[PlyCount "94"]

1. e4 c5 2. Nf3 g6 3. d4 cxd4 4. Nxd4 Nc6 5. Nc3 Bg7 6. Nf5 gxf5 7. exf5 Nf6 8.
Be3 d6 9. Qd2 Bxf5 10. Bd3 Bxd3 11. Qxd3 Qd7 12. O-O-O Qg4 13. Rhg1 O-O 14. f3
Qe6 15. Kb1 Rfc8 16. Qd2 Na5 17. b3 Nd7 18. Rge1 Bxc3 19. Qf2 Bxe1 20. Qxe1 Nc6
21. Qg3+ Qg6 22. Rd2 Qxg3 23. hxg3 Nb4 24. Bh6 Rc6 25. c4 d5 26. Rd4 Rxh6 27.
cxd5 Rd6 28. Rxb4 b6 29. Kb2 Rxd5 30. g4 Rd2+ 31. Ka3 Rxg2 32. Rc4 Nc5 33. Rc3
Rg3 34. Kb4 Rd8 35. Kb5 Rd3 36. Rc2 Rgxf3 37. Re2 Rde3 38. Rb2 e5 39. b4 Nd3
40. Rc2 Rf2 41. Rc7 Rxa2 42. Kc4 Rc2+ 43. Kd5 Rxc7 44. g5 Nxb4+ 45. Kd6 Rc6+
46. Kd7 Rd3+ 47. Ke7 Re6# 0-1

[Event "Tournoi Skype 025B"]
[Site "Skype"]
[Date "????.??.??"]
[Round "5.26"]
[White "Farfallini, Michel"]
[Black "Homme, Jim"]
[Result "1-0"]
[WhiteElo "1245"]
[BlackElo "1117"]
[PlyCount "45"]

1. e4 e5 2. Nf3 Nc6 3. Bc4 Bc5 4. O-O Nf6 5. d3 O-O 6. b4 Bxb4 7. d4 Bc3 8.
Nxc3 exd4 9. Nxd4 d6 10. Bb2 Ne5 11. Be2 b6 12. Nf3 Bb7 13. Nd5 Bxd5 14. exd5
Ned7 15. Qd4 Re8 16. Bb5 Re4 17. Qc3 Ne5 18. Rae1 Nxf3+ 19. Qxf3 a6 20. Rxe4
Nxe4 21. Qxe4 axb5 22. Re1 Kf8 23. Qxh7 1-0

[Event "Tournoi Skype 025B"]
[Site "Skype"]
[Date "????.??.??"]
[Round "5.27"]
[White "Moumtaz, Abderrahim"]
[Black "Reese, Evan"]
[Result "1-0"]
[WhiteElo "1244"]
[BlackElo "1000"]
[PlyCount "43"]

1. d4 d5 2. c4 dxc4 3. e4 e6 4. Bxc4 Nc6 5. Nf3 Nge7 6. Nc3 g6 7. Bf4 Bg7 8.
Nb5 O-O 9. Nxc7 Rb8 10. O-O Bxd4 11. Nxd4 Nxd4 12. Nb5 Nxb5 13. Qxd8 Rxd8 14.
Bxb8 Bd7 15. Bf4 Bc6 16. f3 Nd5 17. exd5 exd5 18. Rad1 d4 19. a4 a6 20. axb5
axb5 21. Bd3 f6 22. Bg3 1-0

[Event "Tournoi Skype 025B"]
[Site "Skype"]
[Date "????.??.??"]
[Round "5.30"]
[White "Latterra, Jeremias"]
[Black "Le Bouill, Pierre"]
[Result "0-1"]
[WhiteElo "1064"]
[BlackElo "1182"]
[PlyCount "42"]

1. d4 Nf6 2. Nf3 d5 3. e3 c6 4. c4 e6 5. Nc3 Be7 6. Bd3 h6 7. O-O O-O 8. Qc2
Ne4 9. Bxe4 dxe4 10. Nxe4 Re8 11. h4 Bxh4 12. Nxh4 Qxh4 13. f4 f5 14. Nd6 Bd7
15. Nxe8 Bxe8 16. Qf2 Qh5 17. Re1 Nd7 18. e4 Nf6 19. Qe2 Ng4 20. exf5 Qh2+ 21.
Kf1 Qh1# 0-1

[Event "Tournoi Skype 025B"]
[Site "Skype"]
[Date "????.??.??"]
[Round "5.31"]
[White "Swanepoel, Karel"]
[Black "Lecluyse, Koenraad"]
[Result "1-0"]
[WhiteElo "1036"]
[BlackElo "1173"]
[PlyCount "67"]

1. e4 e6 2. d4 d5 3. e5 c5 4. Nf3 Nc6 5. Bb5 Bd7 6. c3 c4 7. O-O Nge7 8. Bg5 h6
9. Bh4 g5 10. Bg3 Ng6 11. h3 Be7 12. Nbd2 h5 13. Re1 g4 14. Nh2 gxh3 15. gxh3
Bh4 16. Kh1 Qg5 17. Ndf3 Qh6 18. Nxh4 Nxh4 19. Bxh4 Qf4 20. Nf3 a6 21. Ba4 b5
22. Bc2 Ne7 23. Rg1 Nf5 24. Bg5 Qxg5 25. Rxg5 Nh6 26. Nh4 Ke7 27. Rxh5 Rag8 28.
Qf3 Be8 29. Qf6+ Kd7 30. Rxh6 Rxh6 31. Qxh6 a5 32. Bh7 Rh8 33. Rg1 Kc6 34. Rg8
1-0

[Event "Tournoi Skype 025B"]
[Site "Skype"]
[Date "????.??.??"]
[Round "5.32"]
[White "Yanez, Leticia Jorgelina"]
[Black "Gagnon, Sindy"]
[Result "1-0"]
[WhiteElo "1287"]
[BlackElo "1000"]
[PlyCount "37"]

1. e4 Nc6 2. Nf3 e5 3. Bc4 Be7 4. O-O d6 5. d3 Nf6 6. Nc3 d5 7. exd5 Nd4 8.
Nxe5 Bd6 9. Bg5 O-O 10. Nf3 c6 11. Nxd4 cxd5 12. Nxd5 Qd7 13. Bxf6 Re8 14. Qh5
h6 15. Bb5 Qg4 16. Qxg4 Bxg4 17. Bxe8 Bc5 18. Rae1 Bxd4 19. Bxd4 1-0

[Event "Tournoi Skype 025B"]
[Site "Skype"]
[Date "????.??.??"]
[Round "5.33"]
[White "Conde, Abigail"]
[Black "Maccaferri, Massimo"]
[Result "1-0"]
[WhiteElo "1000"]
[BlackElo "1215"]
[PlyCount "39"]

1. e4 e5 2. a3 d6 3. Nf3 Nf6 4. Nc3 h5 5. d4 exd4 6. Nxd4 Qe7 7. Bd3 b6 8. O-O
Ba6 9. Bb5+ c6 10. Nxc6 Qc7 11. Qd3 Nxc6 12. Bxa6 Rd8 13. Bf4 Ne5 14. Bb5+ Nfd7
15. Qd4 Be7 16. Nd5 Qc5 17. Qa4 a5 18. c4 O-O 19. b4 Qc8 20. Nxe7+ 1-0

[Event "Tournoi Skype 025B"]
[Site "Skype"]
[Date "????.??.??"]
[Round "5.35"]
[White "Hargez, Dany"]
[Black "De Fazio, Monica"]
[Result "0-1"]
[WhiteElo "1189"]
[BlackElo "1000"]
[PlyCount "62"]

1. e4 e5 2. d4 d6 3. Nf3 Be7 4. d5 Nf6 5. Bb5+ Bd7 6. Qd3 O-O 7. O-O Nxe4 8.
Qxe4 Bxb5 9. Nc3 Bxf1 10. Kxf1 Nd7 11. Be3 Nf6 12. Qd3 Ng4 13. Kg1 Nxe3 14.
fxe3 Qd7 15. Ne4 h6 16. Rf1 Qf5 17. Nh4 Qh5 18. Nf5 Rfe8 19. Nfg3 Qg6 20. Nf5
Bd8 21. c4 c6 22. Nfxd6 Rf8 23. Rf5 Bb6 24. dxc6 bxc6 25. Rxe5 Rad8 26. Qe2 Bc7
27. Re7 Bxd6 28. Nxd6 Qxd6 29. Rxa7 Qc5 30. b3 Qxa7 31. a4 Rde8 0-1

[Event "Tournoi Skype 025B"]
[Site "Skype"]
[Date "????.??.??"]
[Round "5.36"]
[White "Schnell, Nicolas"]
[Black "Porcabeuf, Jean-Marc"]
[Result "0-1"]
[WhiteElo "1000"]
[BlackElo "1129"]
[PlyCount "52"]

1. e4 e5 2. Nf3 Nf6 3. Nc3 d6 4. Bb5+ c6 5. Bc4 h6 6. d4 exd4 7. Nxd4 Nbd7 8.
Nf5 Ne5 9. Be2 Bxf5 10. exf5 Be7 11. Qd4 Qd7 12. Qf4 g6 13. fxg6 Nxg6 14. Qd4
a6 15. Bc4 c5 16. Qe3 Qc6 17. O-O Nh4 18. Nd5 Nxd5 19. Qe4 Rg8 20. g3 Qd7 21.
Re1 Nb6 22. Bxf7+ Kxf7 23. Qf4+ Bf6 24. Be3 Qh3 25. Qf3 Nxf3+ 26. Kh1 Qxh2# 0-1

Nh6+ Bxh6 29. Qxh6 cxd4 30. h4 Nc4 31. Bc1 gxh4 32. Bxf4 Qf6 33. Qxf6 Rxf6 34.
Bg5 Rd6 35. b3 Na3 36. Bxh4 Bb5 37. Rc1 Nxb1 38. Rxb1 d3 39. a4 Ba6 40. Rd1 Re6
41. b4 Bc4 42. Bg5 Ra6 43. a5 Rc6 44. Bd2 d4 45. f4 Be6 46. Kf2 Rc2 47. Ke1 Rc7
48. Rb1 Bd5 49. g4 Re7+ 50. Kd1 Bf3+ 51. Kc1 Bxg4 52. b5 Rc7+ 53. Kb2 Rc2+ 54.
Kb3 Rxd2 55. Kc4 Rf2 56. b6 axb6 57. axb6 Bc8 58. Kxd3 Rxf4 59. b7 Bxb7 60.
Rxb7 h5 61. Rd7 h4 0-1

[Event "Tournoi Skype 025B"]
[Site "Skype"]
[Date "????.??.??"]
[Round "5.37"]
[White "Schuh, David"]
[Black "Barrionuevo, Hilario"]
[Result "0-1"]
[WhiteElo "1000"]
[BlackElo "1121"]
[PlyCount "70"]

1. d4 d5 2. Nf3 Nc6 3. e3 Bf5 4. c4 e6 5. Nc3 Bb4 6. g3 Nf6 7. Bg2 Ne4 8. O-O
O-O 9. cxd5 exd5 10. a3 Bd6 11. b4 a6 12. Qc2 g6 13. Nh4 Qd7 14. Nxe4 Bxe4 15.
Bxe4 dxe4 16. Qxe4 Rae8 17. Qd3 Re7 18. d5 Rfe8 19. dxc6 bxc6 20. Qc4 Re4 21.
Qxa6 R8e5 22. Ra2 g5 23. Nf3 Rf5 24. Nd4 Rd5 25. Rc2 Qe8 26. Rxc6 Rdxd4 27.
exd4 Rxd4 28. Bxg5 Rg4 29. Bf6 Rg6 30. Bd4 Re6 31. Be3 h5 32. h4 Rg6 33. Qb7
Bxg3 34. fxg3 Rxg3+ 35. Kf2 Qxe3# 0-1

[Event "Tournoi Skype 025B"]
[Site "Skype"]
[Date "????.??.??"]
[Round "5.38"]
[White "Trapletti, Cosetta"]
[Black "Alverson, Ginny"]
[Result "0-1"]
[WhiteElo "1000"]
[BlackElo "1078"]
[PlyCount "62"]

1. d4 Nf6 2. Nc3 d5 3. Nf3 Nbd7 4. Bf4 e6 5. e3 Bd6 6. Be2 Bxf4 7. exf4 O-O 8.
O-O h6 9. h3 b6 10. Ne5 Nxe5 11. dxe5 Ne4 12. Nxe4 dxe4 13. Qe1 Bd7 14. Bg4 Bc6
15. Bh5 g6 16. Be2 Qh4 17. f3 Qxf4 18. fxe4 Qe3+ 19. Rf2 Bxe4 20. Rd1 Bxc2 21.
Rd2 Bf5 22. Rc2 Bxc2 23. Qf1 Bf5 24. Kh1 Qxe5 25. Rf3 Rad8 26. Qf2 Rd2 27. Re3
Qd4 28. g4 Be4+ 29. Kg1 h5 30. Qf4 Rxe2 31. Qxe4 Qd1# 0-1

[Event "Tournoi Skype 025B"]
[Site "Skype"]
[Date "????.??.??"]
[Round "5.39"]
[White "Dib, Catherine"]
[Black "Tolaro, Filippa"]
[Result "1-0"]
[WhiteElo "1048"]
[BlackElo "1000"]
[PlyCount "56"]

1. Nf3 c6 2. c4 d5 3. b3 Bf5 4. d4 e6 5. g3 Nf6 6. Bg2 Bd6 7. O-O c5 8. e3 Nbd7
9. Nbd2 O-O 10. Bb2 Bd3 11. Re1 e5 12. dxe5 Bxe5 13. Nxe5 Nb6 14. Nxd3 Qd6 15.
Nf4 d4 16. e4 Qc7 17. e5 Nfd7 18. e6 fxe6 19. Nxe6 Rf6 20. Nxc7 Rc8 21. Ne6 Rb8
22. Qg4 g6 23. Ne4 Rf7 24. Qg5 Re8 25. Nc7 Re5 26. Qg4 Rfe7 27. f4 Rh5 28. Nd5
Rf7 1-0

[Event "Tournoi Skype 025B"]
[Site "Skype"]
[Date "????.??.??"]
[Round "5.41"]
[White "Prasad, Sanjay"]
[Black "Mimouni, Driss"]
[Result "1-0"]
[WhiteElo "1212"]
[BlackElo "1139"]
[PlyCount "63"]

1. c4 e5 2. e4 a5 3. d3 Bb4+ 4. Bd2 d6 5. Bxb4 axb4 6. Qb3 Nc6 7. Nf3 Nge7 8.
Nbd2 O-O 9. Be2 Bg4 10. h3 Be6 11. O-O Na5 12. Qxb4 c5 13. Qc3 b6 14. Nb3 Nxb3
15. Qxb3 Ng6 16. Rfe1 Rb8 17. a4 Bd7 18. Qc3 Ra8 19. b3 Qf6 20. a5 Qd8 21. axb6
Qxb6 22. Rxa8 Rxa8 23. Ra1 h6 24. Rxa8+ Kh7 25. Qa5 Qxa5 26. Rxa5 Nf4 27. Bf1
Nxd3 28. Bxd3 g5 29. g4 Bc6 30. Ra6 Bd7 31. Rxd6 Bxg4 32. hxg4 1-0

[Event "Tournoi Skype 025B"]
[Site "Skype"]
[Date "????.??.??"]
[Round "6.1"]
[White "Cayo, Ana Carolina"]
[Black "Teles, Jeferson Lisboa"]
[Result "0-1"]
[WhiteElo "1431"]
[BlackElo "1417"]
[PlyCount "32"]

1. d4 d5 2. Nf3 Nf6 3. Bg5 Ne4 4. Bf4 c5 5. c3 Nd7 6. e3 Qb6 7. Qc2 cxd4 8.
exd4 e6 9. Bd3 Be7 10. O-O Ndf6 11. Nbd2 Nxd2 12. Qxd2 Qd8 13. Bb5+ Kf8 14. Ne5
Ne4 15. Qe2 Kg8 16. Qg4 f6 0-1

[Event "Tournoi Skype 025B"]
[Site "Skype"]
[Date "????.??.??"]
[Round "6.2"]
[White "Galani, Mahendra"]
[Black "Scata, Laura"]
[Result "0-1"]
[WhiteElo "1484"]
[BlackElo "1320"]
[PlyCount "120"]

1. c3 c6 2. Na3 d5 3. d4 Bf5 4. Nc2 Nd7 5. Ne3 Bg6 6. Ng4 e6 7. Ne5 Nxe5 8.
dxe5 Qb6 9. Nh3 h6 10. e3 Ne7 11. Be2 Be4 12. f3 Bh7 13. Nf4 Ng6 14. Nxg6 Bxg6
15. O-O Bc5 16. Qd2 Qc7 17. b4 Bb6 18. f4 O-O 19. a4 a6 20. a5 Ba7 21. Qe1 b6
22. axb6 Bxb6 23. Rxa6 Rxa6 24. Bxa6 Ra8 25. Be2 Ra1 26. Qd2 Qa7 27. Kf2 c5 28.
bxc5 Bxc5 29. Bb2 Ra2 30. Bd1 Rxb2 31. Re1 Be4 32. Bf3 Bxf3 33. Kxf3 Rc2 34. c4
dxc4 35. Ra1 Bf8 36. h4 Rxd2 37. g4 c3 38. Ke4 c2 39. Rc1 Ba3 40. Rxc2 Rxc2 41.
Kd3 Rh2 42. h5 g6 43. hxg6 fxg6 44. Ke4 h5 45. gxh5 gxh5 46. Kf3 Kg7 47. Kg3
Rh1 48. Kg2 Ra1 49. Kg3 Kg6 50. Kh4 Be7+ 51. Kg3 Kf5 52. Kf3 h4 53. e4+ Kg6 54.
Kg4 Rg1+ 55. Kh3 Kh5 56. Kh2 Rg3 57. f5 Re3 58. f6 Bf8 59. f7 Rxe4 60. Kg2 Kg4
0-1

[Event "Tournoi Skype 025B"]
[Site "Skype"]
[Date "????.??.??"]
[Round "6.3"]
[White "De Nobrega, George"]
[Black "Pouteau, Pascal"]
[Result "0-1"]
[WhiteElo "1317"]
[BlackElo "1457"]
[PlyCount "88"]

1. e4 d6 2. Nf3 Nc6 3. Nc3 e5 4. a3 Nf6 5. Bc4 Bg4 6. h3 Bh5 7. d3 Be7 8. Be3
a6 9. Nd5 Nxd5 10. Bxd5 Qd7 11. g4 Bg6 12. Qe2 Na5 13. Bg5 f6 14. Be3 Qb5 15.
O-O-O c6 16. Bc4 Nxc4 17. dxc4 Qa4 18. Qd3 Bf7 19. Qc3 Bxc4 20. Kb1 Be2 21. Rd2
Bxf3 22. Rg1 Bxe4 23. f4 Rf8 24. fxe5 fxe5 25. g5 Rf3 26. Re2 Rxh3 27. Ka2 Bd5+
28. b3 Qe4 29. Rge1 Qh4 30. Qd2 Rh1 31. Bf2 Qxg5 32. Qxg5 Bxg5 33. Rxh1 Bxh1
34. Re1 Bd5 35. Bb6 Kd7 36. Rf1 Bf6 37. Kb2 h5 38. Kc3 h4 39. Bg1 h3 40. Rf5
Rh8 41. Kd3 h2 42. Bxh2 Rxh2 43. c4 Rh3+ 44. Kc2 Be4+ 0-1

[Event "Tournoi Skype 025B"]
[Site "Skype"]
[Date "????.??.??"]
[Round "6.4"]
[White "Santos, Joselito"]
[Black "Pezzolato, Erica"]
[Result "0-1"]
[WhiteElo "1294"]
[BlackElo "1390"]
[PlyCount "114"]

1. d4 Nf6 2. Bf4 g6 3. c4 Bg7 4. Nc3 d6 5. h3 O-O 6. e3 Nbd7 7. Be2 c5 8. Nf3
cxd4 9. exd4 b6 10. O-O Bb7 11. b4 Rc8 12. a4 Bxf3 13. gxf3 e5 14. Bg5 h6 15.
Be3 a6 16. Qb3 exd4 17. Bxd4 Re8 18. a5 bxa5 19. Rxa5 Ra8 20. Bd3 Nc5 21. Qc2
Nxd3 22. Qxd3 Qd7 23. Kh2 Qe6 24. Be3 Kh7 25. Nd5 Nxd5 26. Rxd5 Rad8 27. Rb1
Rb8 28. Rxd6 Be5+ 29. f4 Bxd6 30. b5 Qd7 31. Qd5 axb5 32. Rxb5 Rxb5 33. Qxb5
Qxb5 34. cxb5 Rb8 35. b6 Be7 36. Kg3 Bd8 37. h4 Bxb6 38. Bxb6 Rxb6 39. f3 f6
40. Kg4 Rb5 41. Kg3 g5 42. fxg5 hxg5 43. hxg5 Rxg5+ 44. Kf4 Kg6 45. Ke4 f5+ 46.
Kf4 Rg2 47. Ke3 Kg5 48. f4+ Kg4 49. Kd4 Kxf4 50. Kd5 Rd2+ 51. Ke6 Ke4 52. Kf6
f4 53. Ke6 f3 54. Kf6 f2 55. Ke6 f1=Q 56. Ke7 Qa6 57. Kf7 Rd7+ 0-1

[Event "Tournoi Skype 025B"]
[Site "Skype"]
[Date "????.??.??"]
[Round "6.5"]
[White "Rushdi, Tuan"]
[Black "Amato, Ludovica"]
[Result "1-0"]
[WhiteElo "1005"]
[BlackElo "1379"]
[PlyCount "77"]

1. e4 e5 2. Nf3 Nf6 3. Nxe5 d6 4. Nf3 Nxe4 5. Nc3 Nxc3 6. dxc3 Be7 7. Be3 O-O
8. Qd2 a6 9. O-O-O b5 10. h4 c6 11. h5 a5 12. h6 g6 13. Bg5 d5 14. Bxe7 Qxe7
15. Qd4 f6 16. Bxb5 Qe4 17. Bd3 Qg4 18. Rdg1 Be6 19. Rh4 Qxd4 20. cxd4 g5 21.
Rh2 Na6 22. Bxa6 Rxa6 23. Re1 Re8 24. Nd2 Ra7 25. f4 Bf7 26. Rxe8+ Bxe8 27.
fxg5 fxg5 28. Nf3 Re7 29. Ne5 Rc7 30. Kd2 Bf7 31. Rh3 Be8 32. Rg3 Kf8 33. Rxg5
Re7 34. Rf5+ Kg8 35. g4 Re6 36. g5 Bg6 37. Rf6 Rxf6 38. gxf6 Be8 39. Kc3 1-0